000
00274nam a22001217a 4500
008
170713b xxu||||| |||| 00| 0 eng d
041
_a
eng
080
_a
101
100
_a
24
101
_a
FIL
245
_a
PHILOSOPHY OF LAW AND JURISPRUDENCE
_c
ADLER,M.J
942
_2
udc
_c
BK
999
_c
20585
_d
20585